000 00607nam a2200193Ia 4500
003 OSt
005 20230925125137.0
008 210210b1998 xxu||||| |||| 00| 0 eng d
040 _cAL
041 _aKannada
082 _aK894.8 KALM
100 _aKALABURGI (M M).
_dಎಂ.ಎಂ.ಕಲಬುರ್ಗಿ
_9135102
245 _aManasollasa. Prathama samputa.
_bಮಾನಸೋಲ್ಲಾಸ : ಪ್ರಥಮ ಸಂಪುಟ
260 _aDharavada
_bPrasaranga Karnataka Vishvavidyalaya
_c1998
300 _a388,xvi
690 _aKannada Miscellaneous
_9135103
906 _aSG04249
942 _2ddc
_cBK
999 _c115097
_d115097